[Event "CHN-ch Blitz Open 2018"]
[Site "Tianjin"]
[Date "2018.06.08"]
[Round "6.3"]
[White "Wen, Yang"]
[Black "Xu, Yinglun"]
[Result "1/2-1/2"]
[WhiteElo "2545"]
[BlackElo "2487"]
[Annotator "TA"]
[PlyCount "119"]
[EventDate "2018.06.07"]
[EventType "blitz"]
[EventRounds "9"]
[EventCountry "CHN"]
[SourceTitle "playchess.com"]
[Source "ChessBase"]
[SourceQuality "1"]

{[%evp 17,119,11,31,19,27,14,21,23,27,13,12,13,15,7,7,0,13,0,0,0,7,0,0,0,0,0,0,0,0,9,6,0,7,0,0,0,20,23,22,0,0,-52,-20,-151,0,0,0,0,0,0,0,0,0,0,77,-70,1,0,0,0,0,0,0,0,0,0,0,0,0,0,0,0,0,0,0,0,0,0,0,0,0,0,0,0,0,0,0,0,0,0,0,0,0,0,0,0,0,0,0,0,0,0,0,0]} 1. e4 e6 2. d4 d5 3. Nd2 c5 4. Ngf3 cxd4 5. Nxd4 Nc6 6. Bb5 Bd7 7. Nxc6 Bxc6 8. Bxc6+ bxc6 9. c4 Nf6 10. Qa4 {C07: French Tarrasch: 3...c5, 4 Ngf3 and 4 exd5 Qxd5} Qb6 {And now ...Bc5 would win.} (10... Qd7 11. e5 Ng4 12. Nf3 f6 13. exf6 gxf6 14. cxd5 exd5 15. O-O Bd6 16. Bf4 c5 17. Rfe1+ Be7 18. Rxe7+ Kxe7 {1-0 (46) Anand,V (2803)-Bartel,M (2622) Berlin 2015}) 11. cxd5 exd5 12. O-O Be7 {[%cal Bf8e7,Be7f6,Bf6d4][%mdl 32]} 13. exd5 Nxd5 14. Nc4 Qb5 15. Qc2 O-O 16. Bd2 Bf6 17. Rab1 $146 ({Predecessor:} 17. Rad1 Nb4 18. Bxb4 Qxb4 {½-½ (18) Lonyuk,B (1098)-Raines,D (999) LSS email 2013}) 17... Rfd8 18. b3 Bd4 19. Rbd1 c5 20. Rfe1 h6 21. h3 Qa6 22. Ba5 Re8 23. Qf5 Nb6 24. Bxb6 axb6 25. Nd6 Rxe1+ 26. Rxe1 Qxa2 27. Qxf7+ Kh8 28. Ne8 Qd2 29. Qf8+ Kh7 30. Re7 (30. Rf1 $11 {remains equal.} Ra1 31. Qf5+ Kg8 32. Rxa1 Bxa1 33. Qe6+ Kh8 34. Nd6) 30... Qxf2+ $2 {[#]} ({Better is} 30... Ra1+ $17 31. Kh2 Qg5) 31. Qxf2 $11 Ra1+ 32. Kh2 Bxf2 33. Rxg7+ {[%mdl 4096] Endgame KRB-KRN} Kh8 34. Rb7 {[#] Threatening mate with Nf6.} Bd4 {Strongly threatening ...Re1.} 35. Kg3 Re1 (35... Ra3 $11 36. Kf4 (36. Rxb6 $2 c4 $19) 36... Rxb3) 36. Nc7 (36. Nd6 $16) 36... Be5+ (36... Re7 $15 37. Kf3 Be5 38. Rxb6 Rxc7 39. Rxh6+ Kg7) 37. Kf2 {The position is equal.} Rb1 38. Nd5 Rxb3 39. Rxb6 Rxb6 40. Nxb6 {KB-KN} Kg7 41. Kf3 Kg6 42. Ke4 Bg3 43. Nc4 Kg5 44. Kf3 Bc7 45. Nd2 Kg6 46. Ke4 Bg3 47. Kf3 Be1 48. Nc4 Bc3 49. g3 Bd4 50. Ke4 Bf2 51. Ne5+ Kg7 52. Kf3 Bd4 53. Nc6 Bc3 54. Ne7 Kf7 55. Nd5 Bd4 56. Ke4 Bf2 57. g4 Kg6 58. Kf3 Bd4 59. Nf4+ Kg5 60. Ne6+ {Precision: White = 56%, Black = 76%.} 1/2-1/2

[Event "CHN-ch Blitz Open 2018"]
[Site "Tianjin"]
[Date "2018.06.08"]
[Round "6.4"]
[White "Gao, Rui"]
[Black "Wan, Yunguo"]
[Result "1-0"]
[WhiteElo "2446"]
[BlackElo "2605"]
[Annotator "TA"]
[PlyCount "149"]
[EventDate "2018.06.07"]
[EventType "blitz"]
[EventRounds "9"]
[EventCountry "CHN"]
[SourceTitle "playchess.com"]
[Source "ChessBase"]
[SourceQuality "1"]

{[%evp 11,149,9,18,8,20,0,0,-11,0,0,0,0,0,-13,-13,-13,-13,-13,-17,-20,-16,-21,-19,-26,-15,-41,-17,-34,-16,-34,-30,-30,-8,-14,-8,-16,-8,-9,-13,-20,0,-9,0,-9,0,-16,-17,-34,-14,-11,0,-7,0,-11,-4,-24,-11,-12,-10,-18,-18,-26,-21,-15,-18,-41,-14,-62,-10,-54,-54,-66,-56,-65,-76,-77,-72,-102,140,-155,-128,-325,-27,-31,33,45,76,0,0,0,121,-29998,0,-29998,362,-29996,0,-29995,-99,-29996,332,93,220,210,268,260,764,521,451,441,753,625,1447,688,591,0,85,85,90,85,179,177,174,58,58,58,803,637,582,366,12829,12830,12830,379,12841,12842,12842,12842,12845,12846]} 1. e4 e6 2. d4 d5 3. Nd2 c5 4. Ngf3 Nf6 5. exd5 Nxd5 6. dxc5 Bxc5 7. Ne4 {C07: French Tarrasch: 3...c5, 4 Ngf3 and 4 exd5 Qxd5} Be7 8. c3 (8. Bc4 Nc6 9. O-O O-O 10. Re1 h6 11. a3 b6 12. Qe2 Qc7 13. Bxd5 exd5 14. Nc3 Be6 {½-½ (34) Ghaem Maghami,E (2568)-Short,N (2697) Teheran 2013}) 8... O-O 9. Bd3 {The position is equal.} b6 $146 ({Predecessor:} 9... Nd7 10. O-O N7f6 11. Nxf6+ Bxf6 12. Qe2 Qc7 13. Qe4 g6 14. Rd1 Bg7 {1-0 (69) Lakos,N (2380)-Boric,E (2205) Medulin 1997}) 10. O-O Bb7 11. Qe2 Nd7 12. Bd2 Qc7 13. Rad1 Nf4 14. Bxf4 $1 Qxf4 15. Bc2 Rad8 16. Rd4 Qc7 17. Rfd1 Nf6 18. h3 Rxd4 19. Rxd4 Rd8 (19... Bd5 {with more complications.} 20. c4 Bb7 21. b3 g6 22. Neg5 Bc5) 20. Rxd8+ Qxd8 21. Nxf6+ Bxf6 22. Be4 Bc8 23. Qc4 g6 24. g3 Kg7 25. Kg2 Bd7 26. h4 h6 27. a3 Be8 28. Qb4 Qc7 29. Qb3 Qd6 30. Qc4 Bd7 31. Qa6 Qc7 32. Qd3 a5 33. Nd2 Ba4 34. Bf3 Qe5 35. Nc4 Qc5 36. Nd2 Bb5 37. Qc2 Be7 38. Ne4 Qc4 {Threatens to win with ...Qf1+.} 39. Qd1 f5 ({Black should play} 39... Qd3 $15) 40. Nd2 (40. Nd6 $5 {[%cal Rd6c4]} Qf1+ 41. Qxf1 Bxf1+ 42. Kxf1 Bxd6 43. Bg2 $11) 40... Qd3 41. Qe1 Kf6 42. Nb3 e5 43. Nc1 Qc2 44. b4 {Black should prevent Qe3.} a4 $2 (44... e4 $1 $17 {[%cal Re4f3] and life is bright.} 45. Be2 Bc6) 45. Be2 $2 {[%mdl 8192]} (45. Qe3 $16 e4 46. Be2 Bxe2 47. Nxe2) 45... Bc6+ $1 $17 46. Kg1 $2 (46. Kh2 $17) 46... Be4 $2 (46... Qe4 $19 {[%csl Gc6][%cal Re4h1]} 47. f3 Qe3+ 48. Kh2 Bxf3) 47. Bf1 $11 b5 (47... g5 $15) 48. Bxb5 $14 Bd8 49. Bf1 (49. c4 $16) 49... Bb6 $36 {[%mdl 2048] White is under pressure.} 50. Ne2 Qd3 (50... Bd5 $11 {keeps the balance.} 51. Nc1 e4) 51. c4 $2 {[%mdl 8192]} (51. Nd4 $16 Qb1 52. Qxb1 Bxb1 53. Nb5) 51... Qxa3 $2 (51... Qf3 52. Bh3 Qh1#) 52. c5 $2 {[%mdl 8192]} (52. Bg2 $11 Bxg2 53. Kxg2) 52... Bc7 $4 {[%mdl 8192]} (52... Qf3 53. cxb6 Qh1#) 53. Qd2 $4 {[%mdl 8192]} (53. Nc3 $18 Bc6 54. b5 Qxc5 55. bxc6) 53... Qd3 $2 (53... Qf3 54. Qg5+ hxg5 55. hxg5+ Kxg5 56. Bh3 Qh1#) 54. Qa2 $2 {[%mdl 8192]} (54. Qxh6 $11 Qf3 55. Qf8+ Ke6 56. Nf4+ exf4 57. Qe8+ Kf6 58. Qf8+ Ke6 59. Qe8+ Kf6 60. Qf8+ Ke6) 54... Qb3 $2 (54... Qf3 55. Qe6+ Kxe6 56. Nd4+ exd4 57. Bc4+ Kf6 58. Kh2 Qh1#) 55. Qd2 $2 {[%mdl 8192]} (55. Nc3 $17 Qxc3 56. Qg8) 55... Qd5 $4 {[%mdl 8192]} (55... Qf3 {mates} 56. Qg5+ hxg5 57. hxg5+ Kxg5 58. Bh3 Qh1#) 56. Qc1 $2 (56. Qxh6 $18 Qg8 57. Nc3) 56... Bf3 (56... Qb3 $16 {might work better.} 57. Nc3 (57. Qxh6 Qf3 $11) 57... Bb7) 57. Nc3 $18 Qd4 58. Nb5 ({Stronger than} 58. Nxa4 Qxb4 59. Qxh6 Qxa4 $11) 58... Qd7 $2 (58... Qxb4 59. Nxc7 f4) 59. Nxc7 Qxc7 60. b5 ({Weaker is} 60. Qxh6 Bd5 $18) 60... Bb7 (60... g5 $142 61. c6 f4) 61. c6 Bc8 62. Qc5 (62. Qxh6 $142 e4 63. Qf8+ Qf7 64. Qh8+ Ke7 65. Qxc8) 62... Qe7 63. Qxe7+ $2 (63. Qc4 $18 {has better winning chances.}) 63... Kxe7 {[%mdl 4096] Endgame KB-KB} 64. b6 {Black must now prevent b7.} Kd6 65. b7 Bxb7 (65... Kc7 $16 66. bxc8=B Kxc8) 66. cxb7 $16 {KB-KP} Kc7 {[#]} 67. Bc4 ({Only move:} 67. g4 $1 $18 {aiming for h5.} h5 (67... fxg4 68. Bg2) 68. gxh5 gxh5 69. Bc4 Kxb7 70. Kf1) 67... Kxb7 $14 68. Kf1 Kb6 $2 {[%mdl 8192]} (68... Kc6 $14) 69. Ke2 Kc5 70. Bf7 g5 $2 {[#]} (70... a3 71. Kd3 g5 72. hxg5 hxg5) 71. hxg5 $1 $18 hxg5 72. Kd3 $2 (72. Ke3 Kb5 73. Kd3) 72... Kb4 $2 (72... Kd6 73. Kc3 a3) 73. Be6 {White is clearly winning.} a3 74. Kc2 e4 75. Bxf5 {Precision: White = 35%, Black = 27%.} 1-0

[Event "CHN-ch Blitz Open 2018"]
[Site "Tianjin"]
[Date "2018.06.08"]
[Round "6.5"]
[White "Li, Di"]
[Black "Yu, Yangyi"]
[Result "0-1"]
[WhiteElo "2338"]
[BlackElo "2799"]
[Annotator "TA"]
[PlyCount "88"]
[EventDate "2018.06.07"]
[EventType "blitz"]
[EventRounds "9"]
[EventCountry "CHN"]
[SourceTitle "playchess.com"]
[Source "ChessBase"]
[SourceQuality "1"]

{[%evp 23,88,16,30,30,30,30,30,20,38,30,30,34,36,31,27,22,35,34,27,6,6,4,3,0,0,0,14,0,0,0,22,15,18,0,0,0,0,0,0,0,0,-12,-12,-264,-268,-267,-242,-228,-114,-336,-349,-556,-529,-572,-566,-524,-536,-492,-104,-920,-891,-869,-865,-4133,-2093,-1793,-1772]} 1. d4 d5 2. Nf3 Nf6 3. c4 e6 4. Nc3 Be7 5. Bg5 {[%cal Bc1g5,Bg5h4,Bh4g3,Bg3e5,Be5d4][%mdl 32]} Nbd7 6. e3 h6 7. Bh4 O-O 8. Rc1 c5 {D63: Queen's Gambit Declined: Classical: 7 Rc1} 9. dxc5 Nxc5 10. cxd5 g5 11. Bg3 Nxd5 12. Nxd5 Qxd5 {LiveBook: 7 Games} 13. Qxd5 exd5 14. Be2 Bd7 15. Be5 Rac8 {aiming for ...Nd3+!} 16. O-O {[#]} f6 $146 17. Bd4 a6 18. Rfd1 Ne4 19. Ne1 {[%cal Bf3e1,Be1d3,Bd3c5,Bc5e4][%mdl 32]} Kf7 20. Nd3 Bb5 21. Kf1 Ke6 22. f3 Nd6 23. Nc5+ Kf7 24. b3 Rc7 25. Ne4 (25. Nd3 {with more complications.} Rfc8 26. Rxc7 Rxc7 27. a4 Bd7 28. g4) 25... Bxe2+ 26. Kxe2 Rfc8 27. Rxc7 Rxc7 28. Nxd6+ (28. Ng3 {is interesting.} Ke6 29. Bb2 Nb5 30. Kd3 Na7 31. Nh5) 28... Bxd6 $11 {[%mdl 4096] Endgame KRB-KRB} 29. Kd3 Ke6 30. Rh1 h5 31. h3 h4 32. Rb1 Be5 33. Rd1 $2 {[%mdl 8192] [#]} (33. Bb6 $11 {and White has nothing to worry.} Rc3+ 34. Kd2) 33... Bxd4 $1 $19 34. exd4 {KR-KR} Kf5 35. Re1 {[#]} Rf7 (35... Rc6 $1 $19 36. Ke3 b5) 36. a4 $2 (36. Rc1 $17 {only move.}) 36... Kf4 37. b4 (37. Re2 $142 Rc7 38. Re6) 37... Kg3 38. Re2 Rc7 39. b5 axb5 40. axb5 Rc4 $2 (40... Rc1 $19 {and Black stays clearly on top.} 41. b6 Rb1) 41. Re7 $2 {[%mdl 8192]} (41. Re6 $17) 41... Kxg2 {Black is clearly winning.} 42. Rxb7 Kxh3 43. b6 Rb4 44. Ke3 Kg3 {Precision: White = 37%, Black = 60%.} 0-1

[Event "CHN-ch Blitz Open 2018"]
[Site "Tianjin"]
[Date "2018.06.08"]
[Round "6.6"]
[White "Zhao, Yuanhe"]
[Black "Wei, Yi"]
[Result "0-1"]
[WhiteElo "2407"]
[BlackElo "2694"]
[Annotator "TA"]
[PlyCount "91"]
[EventDate "2018.06.07"]
[EventType "blitz"]
[EventRounds "9"]
[EventCountry "CHN"]
[SourceTitle "playchess.com"]
[Source "ChessBase"]
[SourceQuality "1"]

{[%evp 15,91,36,28,7,16,8,27,24,8,14,38,50,67,55,63,56,54,64,56,60,138,120,133,31,33,33,42,39,91,98,88,86,108,0,93,0,112,81,96,93,118,113,125,110,114,87,101,101,97,77,113,101,162,172,173,178,184,148,262,262,231,298,229,0,422,411,404,412,388,0,0,-100,-6,-1175,32,-196,-196,-196]} 1. Nf3 d6 2. c4 e5 3. Nc3 f5 4. g3 Nf6 5. Bg2 Be7 6. O-O O-O 7. d3 c6 8. b4 a6 {LiveBook: 3 Games. A21: English Opening: 1...e5 2 Nc3} (8... Kh8 9. Rb1 a6 10. a4 Be6 11. b5 axb5 12. axb5 Nfd7 13. Nd2 Bf6 14. Bb2 Nc5 15. Qc2 Qc7 16. bxc6 bxc6 {½-½ (31) Cheparinov,I (2687)-Stevic,H (2626) Bol 2013}) 9. Rb1 Qe8 10. a4 Qh5 {The position is equal.} 11. b5 axb5 12. axb5 Kh8 13. bxc6 Nxc6 $146 ({Predecessor:} 13... bxc6 14. c5 d5 15. Nxe5 Bxc5 16. d4 {1-0 (48) Corsi Ferrari,A (2160)-Cristobal,R (2245) Mar del Plata 1996}) 14. Nd5 Nxd5 15. cxd5 Nb8 $1 16. Nd2 Nd7 17. Nc4 Nf6 (17... f4 $14) 18. Nb6 $16 Rb8 19. Ba3 (19. e3 $16) 19... f4 $1 $14 20. Nxc8 Rfxc8 21. Bf3 Qf5 (21... Ng4 $1 $14 22. Bxg4 Qxg4) 22. Rb6 $36 {[%mdl 2048] Black is under strong pressure.} Nd7 23. Rb5 Nf6 24. Rb6 Nd7 $1 {[%cal Rd7b6]} 25. Rb5 (25. Rb4 $16) 25... Rc3 (25... Nf6 $1 $11 {keeps the balance.}) 26. Bb4 Rc7 27. Qb1 Qf8 28. Rc1 Qc8 29. Rxc7 Qxc7 30. Ba5 b6 31. Bd2 Bg5 32. Qb2 Bh6 33. Kg2 Nc5 (33... Rf8 $16 {is a better defense.}) 34. d4 $18 Nd7 35. dxe5 dxe5 36. Rb4 Nf6 (36... Rd8 $16 37. Re4 g5 38. gxf4 gxf4) 37. Bc3 Nd7 38. Re4 Re8 39. Rb4 $2 {[#]} (39. Bg4 $18) 39... Nc5 $2 {[%mdl 8192]} (39... Rb8 $1 $11 {and Black has nothing to worry.}) 40. Rxb6 Na4 41. Qb5 {[%cal Rb5e8]} Rg8 42. Rb7 $2 ({Weaker is} 42. Qxa4 Qxb6 43. Bxe5 fxg3 $18) (42. Rxh6 $18 Nxc3 43. Qc6) 42... Nxc3 $11 43. Qb2 {[#]} (43. Qc6 $11 {remains equal.} Qa5 44. Re7) 43... Qc5 (43... Qc8 $1 $17 {Hoping for ...e4.} 44. Rb3 e4 45. Rxc3 exf3+ 46. exf3 Qd7) 44. Rb3 $2 {[%mdl 8192]} (44. Rb8 $11) 44... Nxd5 $2 ({Better is} 44... Nd1 $19 45. e4 Nxb2 46. Rxb2 Ra8) 45. Qxe5 $2 (45. Rb5 $14 {was the only good move.} Qc3 46. Bxd5 Qxb2 47. Rxb2) 45... fxg3 $19 46. hxg3 {Precision: White = 41%, Black = 31%.} 0-1

[Event "CHN-ch Blitz Open 2018"]
[Site "Tianjin"]
[Date "2018.06.08"]
[Round "6.7"]
[White "Lu, Shanglei"]
[Black "Xu, Yi"]
[Result "1-0"]
[WhiteElo "2656"]
[BlackElo "2455"]
[Annotator "TA"]
[PlyCount "55"]
[EventDate "2018.06.07"]
[EventType "blitz"]
[EventRounds "9"]
[EventCountry "CHN"]
[SourceTitle "playchess.com"]
[Source "ChessBase"]
[SourceQuality "1"]

{[%evp 12,55,4,-4,25,17,20,20,35,0,394,25,377,83,445,267,354,270,332,332,387,390,396,369,490,478,612,599,701,704,694,696,715,702,777,683,1093,800,863,726,1044,585,718,618,670,584]} 1. e4 {[%cal Be2e4,Be4e5][%mdl 32]} c6 2. Nc3 d5 3. Nf3 Nf6 4. e5 Ne4 5. Nxe4 (5. Be2 Nxc3 6. dxc3 Bg4 7. Ng5 Bxe2 8. Qxe2 e6 9. h4 Nd7 10. Bf4 h6 11. Nf3 Qa5 12. h5 Qb5 13. Qxb5 cxb5 {1-0 (28) Vachier Lagrave,M (2793)-Ghosh,D (2556) chess.com INT 2018}) 5... dxe4 6. Ng5 {B11: Caro-Kann (Zweispringer-Variante)} Qd5 7. Qe2 {LiveBook: 3 Partien} Qxe5 8. Nxe4 {Weiß hat minimalen Vorteil.} Bf5 9. d3 e6 10. g4 $146 ({Vorgänger:} 10. f4 Qc7 11. Ng3 Bg6 12. f5 Bxf5 13. Nxf5 {0-1 (40) Porozhniak,M (1848)-Schepetkova,M (2245) Satka 2014}) 10... Qd5 $2 {[%mdl 8192] [#]} (10... Bxe4 $1 $11 {und Schwarz steht sicher.} 11. Qxe4 Bb4+ 12. Ke2 (12. Kd1 Qxe4 13. dxe4 Nd7 $11) 12... Nd7) 11. f4 $2 (11. gxf5 $18 Qxf5 12. Rg1) 11... Nd7 $2 {[%mdl 8192]} (11... Bxe4 $1 $11 {und Schwarz muss sich keine Sorgen machen.} 12. dxe4 Qa5+ 13. Bd2 Bb4) 12. Bd2 $2 (12. gxf5 $18 {ist der präzise Gewinnweg.} Qxf5 13. Rg1 Qa5+ 14. c3) 12... Qd4 $2 {[%mdl 8192]} (12... Bxe4 $16 13. dxe4 Qc5) 13. Nc3 Be7 {Wenn Schwarz jetzt Zeit für ...Lg6 hätte...} 14. h4 Bxg4 15. Qxg4 Ne5 16. Qg3 Nd7 17. O-O-O a5 18. Ne4 {Weiß steht klar auf Gewinn.} a4 19. Bc3 Qb6 20. Qxg7 Rf8 21. a3 O-O-O 22. Bh3 Kb8 23. f5 Nc5 24. Nxc5 Bxc5 25. fxe6 fxe6 26. Bxe6 Rf2 27. Qg3+ Ka7 {[#]} 28. d4 $1 {Precision: Weiß = 41%, Schwarz =  8%.} 1-0

[Event "CHN-ch Blitz Open 2018"]
[Site "Tianjin"]
[Date "2018.06.08"]
[Round "6.8"]
[White "Chen, Qi B"]
[Black "Ma, Zhonghan"]
[Result "1-0"]
[WhiteElo "2401"]
[BlackElo "2489"]
[Annotator "TA"]
[PlyCount "79"]
[EventDate "2018.06.07"]
[EventType "blitz"]
[EventRounds "9"]
[EventCountry "CHN"]
[SourceTitle "playchess.com"]
[Source "ChessBase"]
[SourceQuality "1"]

{[%evp 12,79,18,16,60,59,79,58,64,58,72,51,75,27,41,28,29,17,25,32,23,26,70,-30,36,37,108,101,148,160,158,160,150,157,154,152,160,139,185,137,159,154,191,180,227,211,277,266,283,268,267,272,255,254,251,85,152,150,150,135,249,238,216,195,485,212,424,405,29985,29986]} 1. e4 d5 2. exd5 Nf6 3. Nf3 Nxd5 4. d4 g6 5. h3 Bg7 6. Bc4 {B01: Skandinavische Verteidigung} O-O 7. O-O {LiveBook: 13 Partien} c6 8. Re1 {Weiß steht etwas besser.} Re8 $146 ({Vorgänger:} 8... Nd7 9. Nbd2 a5 10. a4 N7b6 11. Bf1 Bf5 12. c3 Qc7 13. Ne4 {0-1 (43) Wang,H (2739)-Nepomniachtchi,I (2718) St Petersburg 2012}) 9. c3 a5 10. a4 Bf5 11. Nbd2 Nd7 12. Nf1 e5 13. Bxd5 cxd5 14. Ng3 e4 15. Nxf5 gxf5 16. Nh2 {[%cal Bf3h2,Bh2f1,Bf1e3][%mdl 32]} Qf6 17. Bf4 (17. Nf1 $14) 17... Bh6 (17... Nf8 $11) 18. Qd2 Bxf4 (18... Re6 $14) 19. Qxf4 $16 Kh8 20. Nf1 Nf8 {[%cal Bd7f8,Bf8g6,Bg6f4][%mdl 32]} 21. Ne3 Ng6 22. Qxf5 Qxf5 23. Nxf5 Nf4 24. Ne3 Rad8 25. b4 axb4 26. cxb4 {[%cal Bc3b4,Bb4b5,Bb5b6][%mdl 32]} Nd3 27. Reb1 Kg7 28. a5 Kg6 29. a6 bxa6 30. Rxa6+ Re6 31. b5 Rb8 {zielt auf ...Txa6 ab.} 32. b6 Rd6 33. g4 $2 (33. g3 $18) 33... Rb7 (33... h5 $142) 34. Rb5 Nf4 {[#]} 35. Kh2 $1 $36 {[%mdl 2048] Schwarz steht unter starkem Druck.} Kf6 (35... h5 $16 {war nötig.} 36. h4 Rb8 37. gxh5+ Kxh5) 36. Kg3 Ne2+ {[#]} 37. Kh4 $1 Ke6 $2 (37... Nxd4 {war einen Versuch wert.} 38. Rxd5 Nf3+ 39. Kg3 Rdxb6) 38. Rb4 (38. Nf5 $142) 38... f6 $2 (38... Rd8 {ist wohl besser.} 39. Nf5 Rdb8) 39. Nf5 $18 Rc6 (39... Rd8 $18 40. Rb2 Nf4) 40. Ra7 {Precision: Weiß = 53%, Schwarz = 27%.} 1-0

[Event "CHN-ch Blitz Open 2018"]
[Site "Tianjin"]
[Date "2018.06.08"]
[Round "6.9"]
[White "Zhou, Jianchao"]
[Black "Fang, Yuxiang"]
[Result "0-1"]
[WhiteElo "2591"]
[BlackElo "2443"]
[Annotator "TA"]
[PlyCount "64"]
[EventDate "2018.06.07"]
[EventType "blitz"]
[EventRounds "9"]
[EventCountry "CHN"]
[SourceTitle "playchess.com"]
[Source "ChessBase"]
[SourceQuality "1"]

{[%evp 17,64,49,51,35,39,37,62,39,57,43,53,39,50,45,45,45,59,26,71,25,25,25,25,27,29,4,35,37,31,18,18,0,0,0,4,0,0,0,20,20,20,20,20,25,53,55,55,0,55]} 1. d4 d5 2. c4 e6 3. Nc3 Nf6 4. cxd5 exd5 5. Bg5 c6 6. e3 Bf5 7. Qf3 Be6 8. Bxf6 {D35: Queen's Gambit Declined: Exchange Variation} Qxf6 9. Qxf6 gxf6 {LiveBook: 56 Games} 10. Nge2 {White is slightly better.} (10. Bd3 Nd7 11. Nge2 Nb6 12. Nf4 Nc8 13. f3 h5 14. h4 Bd6 15. Nce2 Bd7 {1-0 (54) Giri,A (2762)-Zvjaginsev,V (2643) Antalya 2017}) 10... Nd7 11. Nf4 Nb6 12. Rc1 $146 ({Predecessor:} 12. O-O-O Nc8 13. Bd3 Nd6 14. Kb1 f5 15. Rc1 Ke7 {½-½ (29) Dorfman,J (2578)-Bricard,E (2502) Caen 2011}) 12... Nc8 13. Bd3 Nd6 14. f3 Bh6 15. Nce2 Kd7 16. Kf2 Rae8 17. b4 a6 18. a4 (18. Ng3 {is interesting.} f5 19. a4 Ra8 20. a5 Rhg8 21. Ngh5) 18... Bf5 19. Bxf5+ Nxf5 20. Rc3 Nd6 21. g4 (21. Nh5 {is more complex.} Ke7 22. Re1 f5 23. Nef4 f6 24. Nd3) 21... Bxf4 22. Nxf4 f5 {White should prevent ...fxg4.} 23. g5 h6 24. g6 fxg6 25. Nxg6 Rhg8 26. Ne5+ Kd8 27. Rcc1 Re7 28. Rhg1 Reg7 29. Rg3 Ke7 30. Rcg1 Kf6 31. Rxg7 Rxg7 32. Rg3 {[#]} (32. Rxg7 $14 Kxg7 33. Kg3) 32... h5 {[%mdl 32768] Precision: White = 53%, Black = 43%. . Loss on Time!?} ({Black should try} 32... f4 $1 $11 {[%mdl 512]} 33. exf4 Nf5) 0-1

[Event "CHN-ch Blitz Open 2018"]
[Site "Tianjin"]
[Date "2018.06.08"]
[Round "6.10"]
[White "Peng, Xiongjian"]
[Black "Zhao, Jun"]
[Result "1-0"]
[WhiteElo "2321"]
[BlackElo "2585"]
[Annotator "TA"]
[PlyCount "73"]
[EventDate "2018.06.07"]
[EventType "blitz"]
[EventRounds "9"]
[EventCountry "CHN"]
[SourceTitle "playchess.com"]
[Source "ChessBase"]
[SourceQuality "1"]

{[%evp 15,73,6,0,0,29,35,38,22,40,-6,19,-4,0,1,41,12,58,32,23,33,252,243,299,149,361,359,356,351,371,125,487,441,484,436,417,410,403,337,451,289,465,460,450,445,756,727,1134,1127,1130,1113,5610,4778,12837,1076,12840,959,29996,29997,29997,29998]} 1. d4 Nf6 2. c4 g6 3. Nf3 Bg7 4. g3 O-O 5. Bg2 c6 6. O-O d5 7. Qb3 Qb6 8. Nc3 Rd8 9. Rd1 {D78: Fianchetto Grünfeld: 6 0-0 c6} (9. h3 Bf5 10. Bf4 Na6 11. Qxb6 axb6 12. cxd5 Nxd5 13. Nxd5 Rxd5 14. Be5 Bxe5 15. dxe5 Be4 16. Rfd1 Bxf3 17. Bxf3 Rxe5 {0-1 (68) Li,C (2732)-Vachier Lagrave,M (2789) Riadh 2017}) 9... dxc4 10. Qxc4 Be6 11. Qa4 {White is slightly better.} Na6 12. Bg5 $146 ({Predecessor:} 12. e4 Bg4 13. h3 Be6 14. Ng5 Bd7 15. Qc2 h6 16. Nf3 Nb4 {½-½ (64) Dreev,A (2652)-Jumabayev,R (2611) Doha 2016}) 12... h6 13. Bf4 Nd5 14. Bd2 {[%cal Bf4d2,Bd2a5,Ba5d8][%mdl 32]} Kh7 (14... Qxb2 $6 15. Nxd5 Bxd5 16. Rdb1 $16) 15. e4 {[%cal Be2e4,Be4e5][%mdl 32]} Nf6 16. e5 Nd5 17. Ne4 $36 {[%mdl 2048] Hoping for Ba5. White fights for an advantage.} Bg4 $2 {[#]} (17... Nac7 $14) 18. Ba5 $18 Qxb2 19. Rab1 (19. Bxd8 $18 Rxd8 20. Rab1) 19... Qe2 $2 (19... b5 $16 {was necessary.} 20. Rxb2 bxa4) 20. Re1 (20. Bxd8 Bxf3 21. Re1 Qd3 $18) 20... Qd3 21. Bxd8 (21. Rxb7 Nb6 $14) 21... Bxf3 {[#]} 22. Rb3 $2 (22. Bxe7 $1 $18 {[%mdl 512]} Bxg2 (22... Nxe7 23. Bxf3) 23. Kxg2 Nxe7 24. Rxb7) 22... Qc2 $2 {[%mdl 8192]} (22... Bd1 $16 {is a better chance.} 23. Rxd3 Bxa4) 23. Bxf3 Rxd8 24. Qa3 {Threatens to win with Rc1.} Qc4 25. Rxb7 Nab4 26. Qb3 Qxd4 27. e6 f5 $2 (27... c5 28. Rd1 (28. Rxa7 $2 c4 $17) 28... c4) 28. Rd1 Qe5 29. Nc5 ({Weaker is} 29. Rxb4 Nxb4 30. Nf6+ (30. Rxd8 fxe4 31. Qxb4 exf3 $16) 30... Bxf6 $18) 29... Nxa2 (29... g5 $142 30. a3 g4) 30. Qxa2 Nc3 31. Rxd8 Nxa2 32. Rxe7 Qxc5 33. Rdd7 Qe5 34. Bxc6 (34. Rxg7+ $142 Qxg7 35. Bxc6 (35. Rxg7+ Kxg7 36. Bxc6 Kf6 $17)) 34... Qe1+ 35. Kg2 h5 36. Rxg7+ Kh6 37. h4 {Precision: White = 50%, Black = 19%.} 1-0